000 01217nam a2200301 i 4500
001 000046579
003 DO-SdBNP
005 20260321073643.0
007 ta
008 081126s 1982 dr 000 j spa d
040 _aDO-SdBNP
_bspa
_cBNPHU
_erda
041 _asp
082 _aBNPHU PD RD863.44
_bB742c, 1982
_222
100 1 _a Bosch, Juan,
_d1909-2001
_eautor
_976555
245 1 0 _aCuentos escritos antes del exilio /
_cJuan Bosch.
250 _adecima primera edición
264 _aSanto Domingo :
_bAlfa & Omega,
_c1982.
300 _a279 páginas ;
_c23 cm.
336 _ardacontent
_btexto
_2txt
337 _ardamedia
_bsin mediación
_2n
338 _ardacarrier
_bvolumen
_2nc
505 0 _aApuntes sobre el arte de escribir cuentos --
_tLos amos --
_tEn un bohío /
_rLuis Pie --
_tLa noche buena de Encarnación Mendoza --
_tEl funeral --
_tRumbo al puerto de origen --
_tEl funeral --
_tLa desgracia --
_tEl hombre que lloró --
_tLa mancha indeleble /
_rVictoriano Segura --
_tEl Indio Manuel Sicuri --
_tCuento de navidad.
590 _aInventariado, 2019/VM
650 1 0 _aCuentos dominicanos
_9176
650 1 0 _aLiteratura dominicana.
_967
910 _aValidado. Control de calidad MFF
942 _2ddc
_cLBS1
999 _c46068
_d46068